000 00329nam a22001457a 4500
020 _a81-89999-59-1
082 _a823
_bPAI/T
100 _aPAI, ANANAT
245 _aTALES OF SHIVA
260 _aMUMBAI
_bAMAR CHITHA KATHA
300 _a31
520 _aENGLISH SHORT STORY
650 _aENGLISH SHORT STORY
_zMUMBAI
942 _cBK
999 _c5335
_d5335